Law on housing developers : with housing developers (control and licensing) Act 1966 and subsidiary legislation

Bibliographic Details
Main Author: Salleh Buang (Author)
Format: Book
Language:English
Published: Kuala Lumpur : Central Law Book Corporation Sdn. Bhd. 1993
Subjects:

MARC

LEADER 00000cam a2200000 7i4500
001 0000003472
005 20240927.0
008 991203 my eng
020 |a 9839088149 
040 |a INS   |b eng   |e rda 
090 0 0 |a HD7363.6.A3   |b S168 1993 
100 0 |a Salleh Buang ,   |e author 
245 1 0 |a Law on housing developers :   |b with housing developers (control and licensing) Act 1966 and subsidiary legislation   |c Prof. Salleh Buang 
264 1 |a Kuala Lumpur :   |b Central Law Book Corporation Sdn. Bhd.   |c 1993 
300 |a 208 pages ;   |c 22 cm. 
336 |a text  |2 rdacontent 
337 |a unmediated  |2 rdamedia 
338 |a volume  |2 rdacarrier 
500 |a Includes index 
650 0 |a Housing   |x Law and legislation 
999 |a 0000005560   |b BOOK   |c Open Shelf   |e Default branch